Pojistný obzor odborný časopis českého pojišťovnictví
Na minha lista:
| Formato: | Periódico |
|---|---|
| Idioma: | tcheco |
| Publicado em: |
Praha
Česká asociace pojišťoven
2023
|
| Tags: |
Sem tags, seja o primeiro a adicionar uma tag!
|
MARC
| LEADER | 00000nas2a2200000 4500 | ||
|---|---|---|---|
| 001 | 0298023 | ||
| 005 | 20240110102615.9 | ||
| 022 | |a 2464-7381 | ||
| 041 | 0 | |a cze | |
| 044 | |a CZ | ||
| 245 | 1 | 0 | |a Pojistný obzor |b odborný časopis českého pojišťovnictví |
| 264 | 1 | |a Praha |b Česká asociace pojišťoven |c 2023 | |
| 773 | 0 | |w eu_un_cat*0214990 | |